Регионална библиотека "Любен Каравелов" - Русе

Пловдивска хроника (Запис номер 117458)

MARC детайли
000 -Лидер
Контролно поле с фиксирана дължина 01687nam a2200397 a 4500
003 - Код на организацията, давaща контролен номер
Контролно поле BLK
005 - Дата и час на последна редакция
Контролно поле 20250318005546.0
008 - Елементи от данни с фиксирана дължина
fixed length control field 180409b bul|||||r ||||||| ||bul||
010 ## - Наследен системен номер
LC control number KNG00123045000
040 ## - Източник на каталожния запис
Идентификатор на билиотеката - собственик на записа BLK
041 ## - Код за език
Код за езика на текст/звукозапис или на отделно заглавие Български
Код за езика КДБФ Български
080 ## - УДК
Текстов определител УДК Краезнание
УДК код - определител по УДК 908
УДК определител (497.234)
УДК - код + определител 908(497.234)
080 ## - УДК
Текстов определител УДК Българската държава от нач. на ХХ в. до края на Първата световна война (1901-1918). Разцвет на капитализма
УДК код - определител по УДК 94(497.2)"1901/1918"
УДК - код + определител 94(497.2)"1901/1918"
100 1# - Редна дума - Автор
Автор Алваджиев, Никола Стоянов
Авторска отговорност първи автор
R(LIN) 270617
139 ## - Редно поле
Редна дума Алваджиев, Никола Стоянов
Авторски знак Алв - А 48
245 10 - Сведения за заглавието
Заглавие Пловдивска хроника
Подзаглавни данни 1910 - 1912 г.
Редно поле (дума) Никола Стоянов Алваджиев; предг. от Николай Хайтов.
257 ## - Страна на издаване
Страна на създаване/издаване България
260 ## - Област на издателските данни
Място на издаване, разпространение и проч. Пловдив
Име на издателя, разпространителя и проч. Христо Г. Данов
Година на издаване 1971
300 ## - Физическа характеристика
Страници 311 с.
Илюстрации и др. с ил.
Размери/Мащаб 21 см
380 ## - Жанр
Жанр История
500 ## - Общи забележки
Забележка Авт. не е даден на кор.
650 #4 - Допълнително описание по предмет – тема
Основно описание – тема или топоним История - Пловдив
9 (RLIN) 315235
651 #4 - Допълнително описание по предмет - топоним
Географско понятие Пловдив
9 (RLIN) 179377
651 #4 - Допълнително описание по предмет - топоним
Географско понятие България
9 (RLIN) 241624
653 ## - Ключова дума – ненормативна
Ключова дума краезнание
653 ## - Ключова дума – ненормативна
Ключова дума история
653 ## - Ключова дума – ненормативна
Ключова дума Пловдив
700 ## - Други автори (авторска отговорност)
Лично име Хайтов, Николай Александров
Дати, свързани с автора 1919-2002
Друга информация Писател. Драматург.
9 (RLIN) 431013
852 ## - Местоположение
Форматна сигнатура Цб 61257
856 4# - Електронен адрес и достъп
Електронен формат pdf - файл
856 4# - Електронен адрес и достъп
Електронен формат pdf - файл
999 ## - СИСТЕМНИ КОНТРОЛНИ НОМЕРА
Koha biblionumber 117458
Koha biblioitemnumber 117458
942 ## - АРТИКУЛИ
Вид на библиотечния материал Книги
Скрит в OPAC Не
Периодичен библиозапис Да
944 ## - СЪЗДАВАНЕ И РЕДАКЦИЯ на ЗАПИСА
Създаване/Редакция Създаване
Дата на регистрацията/редакция 26.04.2011
Статус, дата на статуса CRON CRON
Служител, извършил регистрацията/редакцията
944 ## - СЪЗДАВАНЕ И РЕДАКЦИЯ на ЗАПИСА
Създаване/Редакция Редакция
Дата на регистрацията/редакция 2022-07-29
Служител, извършил регистрацията/редакцията ир
999 ## - СИСТЕМНИ КОНТРОЛНИ НОМЕРА
Koha biblioitemnumber 117458
Наличности
Код за отписване Код за изгубен артикул Източник на класификационната схема Код за повреда Коз за рестрикции Код за отдаване Артикулен № Име на библиотеката - собственик Име на библиотеката, в която се намира в момента Статус (Текущо местоположение) Дата на вписване в системата Местоположение - отдел Цена в лева Инвентарен номер Систематично азбучна сигнатура Баркод Номер на екземпляра Цена в евро Служебна бележка Служебен тип на артикула
  Не е изгубен Universal Decimal Classification Не е повреден само за читалня ползва се в читалня 189434 Регионална библиотека "Любен Каравелов" Русе Регионална библиотека "Любен Каравелов" Русе Хранилище 1971-01-01 Хранилище 0.00 107576 Цб 61257 120000107576 1 0.00 Дост: Dp Вид: Д N: стар фонд Дата: 01.01.1971 Книги
Изтеглен Не е изгубен Universal Decimal Classification Не е повреден без рестрикции заемане за дома 189435 Регионална библиотека "Любен Каравелов" Русе Регионална библиотека "Любен Каравелов" Русе Заемна - подръчен фонд 1971-01-01 Заемна - подръчен фонд 1.58 108971 П 94(497.2)"1901/1918"/А 48 108971 2 0.81 Дост: Pk Вид: Ф N: стар фонд Дата: 01.01.1971 Дата инв: 08.02.2018 Бележки инв: П2018 Книги
Vip Innovations Ltd, Rousse, Bulgaria 2025